00686nam a22002177a 4500003001100000005001700011008004100028020001800069040003900087041000800126082001600134100002500150245007000175260002500245300003400270650002300304700002800327942000700355952009100362999001500453LK-CoMWRAF20231215120208.0231215b2011 |||||||| |||| 00| 0 eng d a9789551534172 aLK-CoMWRAFdLK-CoMWRAFeLK-CoMWRAF aeng a302.14bHAP aHaputhanthri, Hasini aCultural Fluency:ba transformative agenda for caring communities aColombo:bGIZ,c2011 a115 p.bBibliography included aSOCIAL INTERACTION aAbeysekara, Sunilaeed. cBK 00104070aMAINbMAINd2023-12-15l0o302.14 HAPpRAF4561r2023-12-15w2023-12-15yBK c4482d4482